| Tag |
First Indicator |
Second Indicator |
Subfields |
| LEADER |
00000cam a2200000 a 4500 |
| 001 |
in00002012302 |
| 005 |
20151031155628.0 |
| 008 |
030702s2004 ctuab b 001 0ceng |
| 010 |
|
|
|a 2003049299
|
| 020 |
|
|
|a 071725805X (set : alk. paper)
|
| 020 |
|
|
|a 0717258068 (v. 1)
|
| 020 |
|
|
|a 0717258076 (v. 2)
|
| 020 |
|
|
|a 0717258084 (v. 3)
|
| 020 |
|
|
|a 0717258092 (v. 4)
|
| 035 |
|
|
|a (OCoLC)ocm52631499
|
| 040 |
|
|
|a DLC
|c DLC
|d YDX
|d TXA
|d UtOrBLW
|
| 043 |
|
|
|a n-us---
|
| 049 |
|
|
|a TXAM
|
| 050 |
0 |
0 |
|a HQ1410
|b .H58 2004
|
| 082 |
0 |
0 |
|a 305.4/0973
|2 22
|
| 245 |
0 |
2 |
|a A history of women in the United States :
|b state-by-state reference /
|c Doris L. Weatherford, editor.
|
| 264 |
|
1 |
|a Danbury, Conn. :
|b Grolier Academic Reference,
|c [2004]
|
| 264 |
|
4 |
|c ©2004
|
| 300 |
|
|
|a 4 volumes :
|b illustrations, maps ;
|c 29 cm.
|
| 336 |
|
|
|a text
|b txt
|2 rdacontent
|
| 337 |
|
|
|a unmediated
|b n
|2 rdamedia
|
| 338 |
|
|
|a volume
|b nc
|2 rdacarrier
|
| 504 |
|
|
|a Includes bibliographical references and index.
|
| 505 |
0 |
|
|a v. 1. Alabama-Illinois -- v. 2. Indiana-Nebraska -- v. 3. Nevada-South Dakota -- v. 4. Tennessee-Wyoming; appendices.
|
| 650 |
|
0 |
|a Women
|z United States
|x History.
|
| 650 |
|
0 |
|a Women
|z United States
|x States
|x History.
|
| 700 |
1 |
|
|a Weatherford, Doris.
|
| 948 |
|
|
|a cataloged
|b h
|c 2005/7/18
|d c
|e blrosas
|f 1:41:12 pm
|
| 994 |
|
|
|a C0
|b TXA
|
| 999 |
|
|
|a MARS
|
| 999 |
f |
f |
|s a5f5c67b-f9c6-3cb2-8e98-1078f278b078
|i 67631eb2-798b-3191-84c0-6afbff5e55a6
|t 0
|
| 952 |
f |
f |
|p ric
|a Texas A&M University
|b Rellis Campus
|c Joint Library Facility
|d Remote Storage
|t 0
|e HQ1410 .H58 2004
|h Library of Congress classification
|i unmediated -- volume
|k v.4
|m A14832793686
|
| 952 |
f |
f |
|p ric
|a Texas A&M University
|b Rellis Campus
|c Joint Library Facility
|d Remote Storage
|t 0
|e HQ1410 .H58 2004
|h Library of Congress classification
|i unmediated -- volume
|k v.1
|m A14832793806
|
| 952 |
f |
f |
|p ric
|a Texas A&M University
|b Rellis Campus
|c Joint Library Facility
|d Remote Storage
|t 0
|e HQ1410 .H58 2004
|h Library of Congress classification
|i unmediated -- volume
|k v.3
|m A14832793725
|
| 952 |
f |
f |
|p ric
|a Texas A&M University
|b Rellis Campus
|c Joint Library Facility
|d Remote Storage
|t 0
|e HQ1410 .H58 2004
|h Library of Congress classification
|i unmediated -- volume
|k v.2
|m A14832793767
|
| 998 |
f |
f |
|a HQ1410 .H58 2004
|s v.1-4
|t 0
|l Remote Storage
|